000 00607nam a2200217Ia 4500
005 20241129105829.0
008 241129s9999||||xx |||||||||||||| ||und||
020 _a978-93-88356-91-6
037 _aTB
040 _aARTS
_beng
_cARTS
041 _aeng
_2urd
084 _aO168,1NSA5x Q8
_qARTS
100 _aSaher Sadiqua Nawab Au.
_9179820
245 0 _aBawajood
_cSaher Sadiqua Nawab Au.
260 _aDelhi, India
_bEducational Publishing House
_c2016
300 _a179p.
365 _aINR
_b200
650 _aUrdu Poetry
942 _cTB
_hO168,1NSA5x Q8
999 _c1226181
_d1226181